000 00260nam a22001217a 4500
008 180226b xxu||||| |||| 00| 0 eng d
041 _aeng
080 _a618
100 _a49
101 _aPSI
245 _aNO SENSE OF PLACE
_cJOSHUA,M
942 _2udc
_cBK
999 _c43463
_d43463